| 000 | 01210nam a2200301Ia 4500 | ||
|---|---|---|---|
| 003 | OSt | ||
| 005 | 20221005104248.0 | ||
| 006 | a|||||r|||| 00| 0 | ||
| 007 | ta | ||
| 008 | 221004b |||||||| |||| 00| 0 hin d | ||
| 020 |
_a9788123017174 (pbk) _cINR 140.00 |
||
| 024 | _a42128 | ||
| 037 |
_b320, 11/03/2019, Eastern Book Linkers _cTextual |
||
| 040 |
_aCRL _cCRL _bhin |
||
| 041 |
_2hin _ahin |
||
| 082 | _aO157,3M61, 152M2 | ||
| 100 | _aबनर्जी, हिरण्मय, ले. | ||
| 245 | 0 | _aरवीन्द्रनाथ ठाकुर | |
| 246 | _aRavīndranāth ṭhākura | ||
| 250 | _aसंस्करण 4 | ||
| 260 |
_aदिल्ली _bप्रकाशन विभाग सूचना और प्रसारण मंत्रालय भारत _c2011 |
||
| 300 |
_a225पृ0 _ccm. |
||
| 490 | _aआधुनिक भारत के निर्माता | ||
| 650 | _a बंगाली साहित्य | ||
| 650 | _aबंगाली कहानी | ||
| 942 |
_hO157,3M61, 152M2 _cTEXL _2cc |
||
| 999 |
_c1012186 _d1012186 |
||